| 000 | 00840nam a2200241Ia 4500 | ||
|---|---|---|---|
| 003 | GCL | ||
| 008 | 140319s9999 xx 000 0 ara d | ||
| 020 | _a9042709977 | ||
| 040 |
_aGCL / _cGCL |
||
| 082 | 0 | 4 |
_a956.904 _bج م |
| 100 | 1 | _aجلال امين | |
| 245 | 1 | 0 |
_aالمثقفون العرب واسرائيل / _cجلال امين |
| 250 | _aالثانية | ||
| 260 |
_aالقاهرة : _bدار الشروق ، _c2005 |
||
| 300 |
_a231 ص ؛ _c20 سم |
||
| 650 | 0 | 4 | _aالنزاع العربى الاسرائيلى |
| 650 | 0 | 4 | _aالاستعمار فى البلاد العربية |
| 650 | 0 | 4 | _aالعرب واليهود |
| 650 | 0 | 4 | _aاسرائيل - حرب يونيو 1997 |
| 650 | 0 | 4 | _aالاعتداء العراقى على الكويت |
| 650 | 0 | 4 | _aالثقافة - العالم العربى |
| 942 |
_2ddc _cBK |
||
| 999 |
_c56909 _d56909 |
||